MARC details
| 000 -CABECERA |
| campo de control de longitud fija |
02013nam a2200337 i 4500 |
| 003 - IDENTIFICADOR DEL NÚMERO DE CONTROL |
| campo de control |
DO-SdBNP |
| 005 - FECHA Y HORA DE LA ÚLTIMA TRANSACCIÓN |
| campo de control |
20250602113424.0 |
| 007 - CAMPO FIJO DE DESCRIPCIÓN FÍSICA--INFORMACIÓN GENERAL |
| campo de control de longitud fija |
ta |
| 008 - DATOS DE LONGITUD FIJA--INFORMACIÓN GENERAL |
| campo de control de longitud fija |
250602b2024 dr abc|| |||| 00| 0 spa d |
| 040 ## - FUENTE DE LA CATALOGACIÓN |
| Centro catalogador/agencia de origen |
DO-SdBNP |
| Lengua de catalogación |
spa |
| Centro/agencia transcriptor |
BNPHU |
| Normas de descripción |
rda |
| 041 ## - CÓDIGO DE LENGUA |
| Código de lengua del texto/banda sonora o título independiente |
spa |
| 082 #4 - NÚMERO DE LA CLASIFICACIÓN DECIMAL DEWEY |
| Número de clasificación |
xxx |
| Número de documento/Ítem |
F294L 2024 |
| Número de edición |
22 |
| 110 ## - ENTRADA PRINCIPAL--NOMBRE DE ENTIDAD CORPORATIVA |
| Nombre de entidad corporativa o nombre de jurisdicción como elemento de entrada |
Federación Dominicana de municipios |
| 9 (RLIN) |
81790 |
| 245 10 - MENCIÓN DE TÍTULO |
| Título |
Logros de fedomu 2024 / |
| Mención de responsabilidad, etc. |
Federación Dominicana de Municipios ; redacción, Cintya Aquino, Félix Santos, Yvelisse Báez ; revisión y estilo, Eladio Pichardo, Magdalena Díaz de Mazara ; fotografías, Jonathan Aquino ; diseño gráfico, Breanna Rodríguez |
| 264 ## - PRODUCCIÓN, PUBLICACIÓN, DISTRIBUCIÓN, FABRICACIÓN Y COPYRIGHT |
| Producción, publicación, distribución, fabricación y copyright |
Santo Domingo, República Dominicana : |
| Nombre del de productor, editor, distribuidor, fabricante |
Federación Dominicana de Municipios (Fedomu), |
| Fecha de producción, publicación, distribución, fabricación o copyright |
2024. |
| 300 ## - DESCRIPCIÓN FÍSICA |
| Extensión |
115 páginas : |
| Otras características físicas |
ilustraciones, fotografías, mapas ; |
| Dimensiones |
23 cm. |
| 336 ## - TIPO DE CONTENIDO |
| Término de tipo de contenido |
texto |
| Código de tipo de contenido |
txt |
| Fuente |
rdacontent |
| 337 ## - TIPO DE MEDIO |
| Nombre/término del tipo de medio |
sin mediación |
| Código del tipo de medio |
n |
| Fuente |
rdamedia |
| 338 ## - TIPO DE SOPORTE |
| Nombre/término del tipo de soporte |
volumen |
| Código del tipo de soporte |
nc |
| Fuente |
rdacarrier |
| 505 ## - NOTA DE CONTENIDO CON FORMATO |
| Nota de contenido con formato |
Palabras del presidente, 9.-- Palabras de la directora ejecutiva, 10.-- Palabras del pasado presidente, 11.-- Filosofía institucional, 12.-- XXII Asamblea General de Municipios y conformación del consejo directivo 2022-2024, 15.-- Incidencia para el posicionamiento de los municipios y la protección de la autonomía local, 21.-- Articulación interinstitucional, 33.-- Capacitación, acompañamiento y asistencia técnica, 43.-- Proyectos de cooperación, 63.-- Relaciones internacionales, 83.-- Fortalecimiento institucional, 99.-- Fedomu en el territorio, 109.-- Publicaciones, 114. |
| 590 ## - NOTA LOCAL (RLIN) |
| Nota local |
Inventariado, 2025 /LP |
| 700 1# - PUNTO DE ACCESO ADICIONAL--NOMBRE DE PERSONA |
| Nombre de persona |
Aquino, Cintya |
| Término indicativo de función/relación |
redactor |
| Código de función/relación |
red. |
| 9 (RLIN) |
81451 |
| 700 1# - PUNTO DE ACCESO ADICIONAL--NOMBRE DE PERSONA |
| Nombre de persona |
Santos, Félix |
| Término indicativo de función/relación |
redactor |
| Código de función/relación |
red. |
| 9 (RLIN) |
6962 |
| 700 1# - PUNTO DE ACCESO ADICIONAL--NOMBRE DE PERSONA |
| Nombre de persona |
Báez, Yvelisse |
| Término indicativo de función/relación |
redactor |
| Código de función/relación |
red. |
| 9 (RLIN) |
87943 |
| 700 1# - PUNTO DE ACCESO ADICIONAL--NOMBRE DE PERSONA |
| Nombre de persona |
Díaz de Mazara, Magdalena |
| Término indicativo de función/relación |
revisión |
| Código de función/relación |
rev. |
| 9 (RLIN) |
87944 |
| 700 1# - PUNTO DE ACCESO ADICIONAL--NOMBRE DE PERSONA |
| Nombre de persona |
Pichardo, Eladio |
| Término indicativo de función/relación |
revisión |
| Código de función/relación |
rev. |
| 9 (RLIN) |
87945 |
| 700 1# - PUNTO DE ACCESO ADICIONAL--NOMBRE DE PERSONA |
| Nombre de persona |
Aquino, Jonathan |
| Término indicativo de función/relación |
fotógrafo |
| Código de función/relación |
fot. |
| 9 (RLIN) |
81454 |
| 700 1# - PUNTO DE ACCESO ADICIONAL--NOMBRE DE PERSONA |
| Nombre de persona |
Rodríguez, Breanna |
| Término indicativo de función/relación |
diseñador |
| Código de función/relación |
di. |
| 9 (RLIN) |
87940 |
| 910 ## - DATOS DE OPCIÓN DEL USUARIO (OCLC) |
| Datos de opción del usuario |
LP |
| 942 ## - ELEMENTOS DE PUNTO DE ACCESO ADICIONAL (KOHA) |
| Fuente del sistema de clasificación o colocación |
Dewey Decimal Classification |
| Tipo de ítem Koha |
Libro |